000 00918nam a2200277Ia 4500
003 OSt
005 20220926003405.0
006 a|||||r|||| 00| 0
007 ta
008 220923b |||||||| |||| 00| 0 eng d
020 _a9780199451180
_c1185.75
037 _b45013, 01/10/2015, Segment Book Distributors
_cGeneral Book
040 _aRTL
_cRTL
_beng
041 _2eng
_aeng
082 _aX:77.236.P, Q4
100 _aHIRWAY Indira
_9149244
245 0 _aGrowth or development
_b Which way is Gujarat going?
260 _a New Delhi
_bOxford university Press
_c2014
300 _axxxii, 576p
_ccm.
500 _aGlossary: p 445-449
650 _aEconomics
700 _a SHAH Amita
_9290415
700 _a SHAH Ghanshyam
942 _hX:77.236.P, Q4
_cGB
_2CC
999 _c607753
_d607753